New historical atlas of religion in America / (Record no. 5998)
[ view plain ]
| 000 -LEADER | |
|---|---|
| fixed length control field | 01148cem a2200265 a 4500 |
| 001 - CONTROL NUMBER | |
| control field | 11895621 |
| 005 - DATE AND TIME OF LATEST TRANSACTION | |
| control field | 20250527120843.0 |
| 007 - PHYSICAL DESCRIPTION FIXED FIELD--GENERAL INFORMATION | |
| fixed length control field | ad|canzn |
| 008 - FIXED-LENGTH DATA ELEMENTS--GENERAL INFORMATION | |
| fixed length control field | 000121s2001 nyu e 1 eng |
| 020 ## - INTERNATIONAL STANDARD BOOK NUMBER | |
| International Standard Book Number | 019509168X (alk. paper) |
| 050 00 - LIBRARY OF CONGRESS CALL NUMBER | |
| Classification number | G1201.E4 |
| Item number | N4 2001 |
| 082 00 - DEWEY DECIMAL CLASSIFICATION NUMBER | |
| Classification number | 200.973/022 |
| Edition information | 21 |
| 245 00 - TITLE STATEMENT | |
| Title | New historical atlas of religion in America / |
| Statement of responsibility, etc. | Edwin Scott Gaustad and Philip L. Barlow ; with the special assistance of Richard W. Dishno. |
| 260 ## - PUBLICATION, DISTRIBUTION, ETC. | |
| Place of publication, distribution, etc. | New York : |
| Name of publisher, distributor, etc. | Oxford University Press, |
| Date of publication, distribution, etc. | c2001. |
| 300 ## - PHYSICAL DESCRIPTION | |
| Extent | 1 atlas (xxiii, 435 p.) : |
| Other physical details | col. maps |
| Dimensions | 34 cm. |
| 500 ## - GENERAL NOTE | |
| General note | Rev. ed. of: Historical atlas of religion in America / Edwin Scott Gaustad. c1976. |
| 500 ## - GENERAL NOTE | |
| General note | One col. map foldout of "Denominational Predominance: 1990" in pocket. |
| 650 #0 - SUBJECT ADDED ENTRY--TOPICAL TERM | |
| Topical term or geographic name entry element | Ecclesiastical geography |
| Geographic subdivision | United States |
| Form subdivision | Maps. |
| 700 1# - ADDED ENTRY--PERSONAL NAME | |
| Personal name | Gaustad, Edwin S. |
| Fuller form of name | (Edwin Scott) |
| 700 1# - ADDED ENTRY--PERSONAL NAME | |
| Personal name | Barlow, Philip L. |
| 700 1# - ADDED ENTRY--PERSONAL NAME | |
| Personal name | Dishno, Richard W. |
| 700 1# - ADDED ENTRY--PERSONAL NAME | |
| Personal name | Gaustad, Edwin S. |
| Fuller form of name | (Edwin Scott). |
| Title of a work | Historical atlas of religion in America. |
| 856 42 - ELECTRONIC LOCATION AND ACCESS | |
| Materials specified | Publisher description |
| Uniform Resource Identifier | <a href="http://www.loc.gov/catdir/enhancements/fy0610/00030001-d.html">http://www.loc.gov/catdir/enhancements/fy0610/00030001-d.html</a> |
| 942 ## - ADDED ENTRY ELEMENTS (KOHA) | |
| Source of classification or shelving scheme | Library of Congress Classification |
| Koha item type | Books |
| Suppress in OPAC | No |
| 999 ## - | |
| -- | 5998 |
| -- | 5998 |
| Withdrawn status | Lost status | Source of classification or shelving scheme | Damaged status | Not for loan | Collection | Home library | Current library | Shelving location | Date acquired | Total checkouts | Full call number | Barcode | Date last seen | Copy number | Price effective from | Koha item type |
|---|---|---|---|---|---|---|---|---|---|---|---|---|---|---|---|---|
| Library of Congress Classification | Non-fiction | Undergraduate Library (Christ Temple) | Undergraduate Library (Christ Temple) | General stacks | 05/27/2025 | G1201.E4 NEW | ulct00002682 | 05/27/2025 | 1 | 05/27/2025 | Books |